1051 1965 1920 1395 1786 1784 1217 1303 1056 1675 1438 1923 1687 1167 1427 1986 1467 1143 1969 1222 1204 1773 1511 1471 1805 1936 1864 1039 1553 1553 1468 1458 1489 1322 1140 1212 1551 1766 1060 1630 1383 1109 1424 1797 1355 1958 1888 1759 1017 1835 1625 1502 1031 1238 1505 1959 1433 1134 1215 1834 1280 1394 1206 1545 1233 1380 1426 1034 1149 1550 1140 1542 1575 1431 1607 1361 1055 1055 1909 1485 1981 1001 1748 1864 1309 1552 1922 1023 1770 1287 1719 1264 1404 1036 1920 1455 1387 1306 1492 BCNSPRNW ULIB Ver.6.0+V

เปลี่ยนเป็นภาษาไทย

Change to English
 แสดงรายละเอียดบรรณานุกรม
  กลับหน้าหลัก

Brief Record : Get Marc (ISO 2709) : E-mail record : QR code < ปิดหน้าต่าง
LEADER : 00000nam 2200000uu 4500
001    13399122860
003     ULIB
008    131022s2555||||th 000 0 tha d
020    ^a9789742473778
050  4 ^aDS520^bป526ร
100    ^aปัณณภัทร
245    ^aเราคืออาเซียน--สิงคโปร์ /^cปัณณภัทร
250    ^aพิมพ์ครั้งที่ 4
260    ^aกรุงเทพฯ :^bอมรินทร์คอมมิกส์,^c2555
300    ^a58 หน้า
440  0 ^aชุด เราคืออาเซียน
650  7 ^aประชาคมอาเซียน
650  7 ^aอาเซียน
650  7 ^aสิงคโปร์
945    ^p75^l0^i034081
999    ^aทศพร
รายการนี้ยังไม่มีแท็ก
คุณยังไม่ได้ล็อกอิน คุณสามารถมีกิจกรรมร่วมกับเว็บไซต์ได้ แต่ต้องล็อกอินก่อน ::
  ล็อกอิน

รายการสื่อสารสนเทศ

ลำดับที่ ประเภท เลขเรียก/บาร์โค้ด สถานที่ สถานะ
1. การศึกษาทั่วไป
หนังสือสำรอง
สถานะ=หนังสือสำรอง
DS520 ป526ร ฉ.1 
  Barcode: 034081
ห้องสมุดวิทยาเขตสวรรค์ประชารักษ์
►หนังสือทั่วไป
บนชั้น

รายการใกล้เคียง
    ผู้แต่ง [ปัณณภัทร]

    หัวเรื่อง [ประชาคมอาเซียน]
    หัวเรื่อง [อาเซียน]
    หัวเรื่อง [สิงคโปร์]

BibComment


ยังไม่เคยถูกคอมเมนท์

คอมเมนท์ทรัพยากรรายการนี้
  คอมเมนท์: เราคืออาเซียนสิง..


 Copyright 2026. Bcnsprnw @Library